| 000 | 00637nam a2200229 a 4500 | ||
|---|---|---|---|
| 001 | 45658 | ||
| 003 | BD-RjUL | ||
| 005 | 20211209054041.0 | ||
| 008 | 160727s1972 enk b 001 0 eng | ||
| 035 | _a(BD-RjUL) | ||
| 040 |
_aDLC _cDLC _dDLC _dBD-RjUL _beng |
||
| 041 | _aeng | ||
| 082 | 0 | 0 |
_a341 _bSTI 1972 _223 |
| 100 | 1 |
_aStarke, J. G. _9117884 |
|
| 245 | 1 | 3 |
_aAn introduction to international law / _cby J. G. Starke. |
| 250 | _a7th ed. | ||
| 260 |
_aLondon : _bButterworths, _c1972. |
||
| 300 |
_axxvii, 631 p. ; _c22 cm. |
||
| 504 | _aInclude bibliography and index. | ||
| 650 | 0 |
_aInternational law. _9117885 |
|
| 942 |
_2ddc _cBK |
||
| 999 |
_c45658 _d45658 |
||